Statistics for Země Podle Obrázku #4

Click here to take the quiz!

General Stats

  • This quiz has been taken 313 times
  • The average score is 6 of 15

Answer Stats

Answer% Correct
Řecko
98%
Itálie
90%
Severní Korea
84%
Čína
70%
Nepál
69%
Maroko
36%
Belgie
31%
Portugalsko
30%
Súdán
25%
Myanmar
23%
Monako
22%
Pákistán
17%
Mexiko
15%
Mali
9%
Srí Lanka
9%

Score Distribution

Percentile by Number Answered

Percent of People with Each Score

Your Score History

You have not taken this quiz